A Concordance to the poetry of Leopoldo Panero / (Record no. 9295)

MARC details
000 -LEADER
campo de control de longitud fija 00703nam a2200217 i 4500
001 - NÚMERO DE CONTROL
campo de control 9295
003 - IDENTIFICADOR DE NÚMERO DE CONTROL
campo de control ES-MaACL
005 - FECHA Y HORA DE LA ÚLTIMA TRANSACCIÓN
campo de control 20250405233636.0
007 - CAMPO FIJO DE DESCRIPCIÓN FÍSICA--INFORMACIÓN GENERAL
campo de control de longitud fija t|
008 - DATOS DE LONGITUD FIJA--INFORMACIÓN GENERAL
campo de control de longitud fija 930727s1978 xxu ||||1| eng d
020 ## - NÚMERO INTERNACIONAL ESTÁNDAR DEL LIBRO
Número Internacional Estándar del Libro 0-8173-9604-7
080 ## - NÚMERO DE LA CLASIFICACIÓN DECIMAL UNIVERSAL
Número de la Clasificación Decimal Universal 86(Panero,L.1.08)
100 1# - ENTRADA PRINCIPAL--NOMBRE DE PERSONA
Nombre de persona Ruiz-Fornells, Enrique.
9 (RLIN) 100801
245 12 - MENCIÓN DEL TÍTULO
Título A Concordance to the poetry of Leopoldo Panero /
Mención de responsabilidad, etc. compiled, and with an introduction, by Enrique Ruiz-Fornells.
260 ## - PUBLICACIÓN, DISTRIBUCIÓN, ETC.
Lugar de publicación, distribución, etc. Alabama :
Nombre del editor, distribuidor, etc. The University of Alabama Press,
Fecha de publicación, distribución, etc. cop. 1978.
300 ## - DESCRIPCIÓN FÍSICA
Extensión 725 p. ;
Dimensiones 28 cm.
600 14 - PUNTO DE ACCESO ADICIONAL DE MATERIA--NOMBRE DE PERSONA
Nombre de persona Panero, Leopoldo,
Fechas asociadas al nombre 1909-1962-
Subdivisión general Concordancias
9 (RLIN) 88767
852 ## - LOCALIZACIÓN
Ubicación ES-MaACL
Número de control de estantería L-16444
Sublocalización o colección R.118149
942 ## - ELEMENTOS DE ENTRADA SECUNDARIOS (KOHA)
Fuente del sistema de clasificación o colocación Clasificación decimal universal
Holdings
Estatus retirado Estado de pérdida Estado de daño No para préstamo Biblioteca de origen Biblioteca actual Ubicación en estantería Fecha de adquisición Fuente de adquisición Total de préstamos Signatura topográfica completa Código de barras Visto por última vez Precio de reemplazo Tipo de ítem Koha
        Biblioteca del Ateneo de Madrid Biblioteca del Ateneo de Madrid Depósito 2 17/01/2008     L-16444 1009486 23/02/2023 23/02/2023 Libro impreso